<?xml version="1.0" encoding="UTF-8"?>
<record
    xmlns:xsi="http://www.w3.org/2001/XMLSchema-instance"
    xsi:schemaLocation="http://www.loc.gov/MARC21/slim http://www.loc.gov/standards/marcxml/schema/MARC21slim.xsd"
    xmlns="http://www.loc.gov/MARC21/slim">

  <leader>03991cam a22004574i 4500</leader>
  <controlfield tag="003">PE-LiUPU</controlfield>
  <controlfield tag="005">20250731165444.0</controlfield>
  <controlfield tag="008">160929s2016    pe     grm    000 0 spa d</controlfield>
  <datafield tag="035" ind1=" " ind2=" ">
    <subfield code="a">(Sirsi) a163864</subfield>
  </datafield>
  <datafield tag="040" ind1=" " ind2=" ">
    <subfield code="a">PE-LiUPU</subfield>
    <subfield code="b">spa</subfield>
    <subfield code="c">PE-LiUPU</subfield>
    <subfield code="e">rda</subfield>
  </datafield>
  <datafield tag="099" ind1=" " ind2=" ">
    <subfield code="a">TE 3</subfield>
    <subfield code="b">L24 2016</subfield>
  </datafield>
  <datafield tag="100" ind1="1" ind2=" ">
    <subfield code="a">Laquiticona Duran, Yaneth</subfield>
    <subfield code="e">autor</subfield>
  </datafield>
  <datafield tag="245" ind1="1" ind2="4">
    <subfield code="a">Los estilos de liderazgo y la gestion institucional, en las instituciones adventistas de educaci&#xF3;n primaria de la ciudad de Juliaca /</subfield>
    <subfield code="c"> Yaneth Laquiticona Duran.</subfield>
  </datafield>
  <datafield tag="264" ind1=" " ind2="0">
    <subfield code="c">2016.</subfield>
  </datafield>
  <datafield tag="300" ind1=" " ind2=" ">
    <subfield code="a">104 hojas </subfield>
    <subfield code="c">30 cm</subfield>
  </datafield>
  <datafield tag="336" ind1=" " ind2=" ">
    <subfield code="a">text</subfield>
    <subfield code="2">rdacontent</subfield>
  </datafield>
  <datafield tag="337" ind1=" " ind2=" ">
    <subfield code="a">unmediated</subfield>
    <subfield code="2">rdamedia</subfield>
  </datafield>
  <datafield tag="338" ind1=" " ind2=" ">
    <subfield code="a">volume</subfield>
    <subfield code="2">rdacarrier</subfield>
  </datafield>
  <datafield tag="502" ind1=" " ind2=" ">
    <subfield code="a">Tesis</subfield>
    <subfield code="b">(Mg.) -- </subfield>
    <subfield code="c">Universidad Peruana Uni&#xF3;n,</subfield>
    <subfield code="d">2016.</subfield>
  </datafield>
  <datafield tag="504" ind1=" " ind2=" ">
    <subfield code="a">Incluye referencias</subfield>
  </datafield>
  <datafield tag="520" ind1="3" ind2=" ">
    <subfield code="a">El objetivo fundamental que tiene la investigaci&#xF3;n es determinar la relaci&#xF3;n de los estilos de liderazgo y la gesti&#xF3;n institucional, en las instituciones adventistas de educaci&#xF3;n primaria de la ciudad de Juliaca, 2015, para sugerir acciones de mejoramiento en la realizaci&#xF3;n de la gesti&#xF3;n institucional. La metodolog&#xED;a que se utiliz&#xF3; para la realizaci&#xF3;n de esta investigaci&#xF3;n comprende el estudio de tipo no experimental con un dise&#xF1;o correlacional de an&#xE1;lisis de los estilos de liderazgo y funciones que realiza el directivo, en una poblaci&#xF3;n de 4 directivos, a quienes se les suministro un instrumento de 42 &#xED;tems para medir la variable estilos de liderazgos en relaci&#xF3;n con gesti&#xF3;n institucional; fueron 114 profesores a quienes se les aplic&#xF3; un instrumento de 42 &#xED;tems, para confirmar el resultado del instrumento suministrado a los directivos de las instituciones educativas primarias adventistas de la ciudad de Juliaca. Este trabajo responde a la inquietud de apoyar y guiar sus pr&#xE1;cticas educativas en la gesti&#xF3;n de los directivos, a trav&#xE9;s del conocimiento de los estilos de liderazgo en el ejercicio de sus funciones, en relaci&#xF3;n con los procesos y/o funciones de la administraci&#xF3;n, para crear propuestas de mejoramiento cualitativo en la gesti&#xF3;n institucional. Los resultados del estudio han generado las siguientes conclusiones. Primera, los estilos de liderazgo de los directivos de las instituciones educativas primarias adventistas de la ciudad de Juliaca, tienen una relaci&#xF3;n directa con la gesti&#xF3;n institucional, tal como se demuestra con la prueba estad&#xED;stica, con el sig =0.000&lt;0.05. Segunda, los estilos de liderazgo de las instituciones educativas adventistas primarias de la ciudad de Juliaca, tienen una relaci&#xF3;n directa con la planeaci&#xF3;n, tal como se demuestra con la prueba estad&#xED;stica, con el sig = 0.00 &lt; 0.05. Tercera, los estilos de liderazgo de las instituciones educativas adventistas primarias de las ciudad de Juliaca, tienen una relaci&#xF3;n directa con la organizaci&#xF3;n, tal como se demuestra con la prueba estad&#xED;stica, con el sig = 0.00 &lt; 0.05.  Cuarta, los estilos de liderazgo de las instituciones educativas adventistas primarias de las ciudad de Juliaca, tienen una relaci&#xF3;n directa con la direcci&#xF3;n, tal como se demuestra con la prueba estad&#xED;stica, cuyo el sig = 0.00 &lt; 0.05. Quinto, los estilos de liderazgo de las instituciones educativas adventistas primarias de las ciudad de Juliaca, tienen una relaci&#xF3;n directa con el control, tal como se demuestra con la prueba estad&#xED;stica, cuyo el sig = 0.00 &lt; 0.05.</subfield>
  </datafield>
  <datafield tag="526" ind1=" " ind2=" ">
    <subfield code="a">SEG44</subfield>
  </datafield>
  <datafield tag="526" ind1=" " ind2=" ">
    <subfield code="a">SEG26</subfield>
  </datafield>
  <datafield tag="526" ind1=" " ind2=" ">
    <subfield code="a">P151</subfield>
  </datafield>
  <datafield tag="526" ind1=" " ind2=" ">
    <subfield code="a">P150</subfield>
  </datafield>
  <datafield tag="526" ind1=" " ind2=" ">
    <subfield code="a">P149</subfield>
  </datafield>
  <datafield tag="526" ind1=" " ind2=" ">
    <subfield code="a">P146</subfield>
  </datafield>
  <datafield tag="526" ind1=" " ind2=" ">
    <subfield code="a">P145</subfield>
  </datafield>
  <datafield tag="526" ind1=" " ind2=" ">
    <subfield code="a">P126</subfield>
  </datafield>
  <datafield tag="526" ind1=" " ind2=" ">
    <subfield code="a">P125</subfield>
  </datafield>
  <datafield tag="526" ind1=" " ind2=" ">
    <subfield code="a">P92</subfield>
  </datafield>
  <datafield tag="526" ind1=" " ind2=" ">
    <subfield code="a">P75</subfield>
  </datafield>
  <datafield tag="526" ind1=" " ind2=" ">
    <subfield code="a">P74</subfield>
  </datafield>
  <datafield tag="526" ind1=" " ind2=" ">
    <subfield code="a">P27</subfield>
  </datafield>
  <datafield tag="526" ind1=" " ind2=" ">
    <subfield code="a">P15</subfield>
  </datafield>
  <datafield tag="650" ind1="0" ind2="4">
    <subfield code="a">Liderazgo en la ense&#xF1;anza</subfield>
    <subfield code="x">Educaci&#xF3;n primaria</subfield>
  </datafield>
  <datafield tag="650" ind1="0" ind2="4">
    <subfield code="a">Educaci&#xF3;n adventista</subfield>
    <subfield code="x">Administraci&#xF3;n escolar</subfield>
  </datafield>
  <datafield tag="596" ind1=" " ind2=" ">
    <subfield code="a">1</subfield>
  </datafield>
  <datafield tag="942" ind1=" " ind2=" ">
    <subfield code="2">ddc</subfield>
    <subfield code="c">TESIS</subfield>
  </datafield>
  <datafield tag="999" ind1=" " ind2=" ">
    <subfield code="a">TE 3 L24 2016</subfield>
    <subfield code="w">ALPHANUM</subfield>
    <subfield code="c">12721</subfield>
    <subfield code="i">T02027</subfield>
    <subfield code="l">CCODEBUL3</subfield>
    <subfield code="m">BUL</subfield>
    <subfield code="r">1</subfield>
    <subfield code="s">Y</subfield>
    <subfield code="t">TESIS</subfield>
    <subfield code="u">2016-9-29</subfield>
    <subfield code="x">POSGRADO</subfield>
    <subfield code="P">P57</subfield>
    <subfield code="o">.STAFF. Tesis</subfield>
    <subfield code="d">12721</subfield>
  </datafield>
  <datafield tag="980" ind1=" " ind2=" ">
    <subfield code="8">1</subfield>
    <subfield code="g">ALBERTO SANCHEZ Responsable de Automatizaci&#xF3;n</subfield>
  </datafield>
  <datafield tag="952" ind1=" " ind2=" ">
    <subfield code="r">2022-07-06 00:00:00</subfield>
    <subfield code="l">0</subfield>
    <subfield code="o">TE 3 L24 2016</subfield>
    <subfield code="p">T02027</subfield>
    <subfield code="t">e1</subfield>
    <subfield code="w">2016-09-29</subfield>
    <subfield code="x">PG</subfield>
    <subfield code="y">TESIS</subfield>
    <subfield code="z">Este &#xCD;tem NO se presta por ser Ejemplar #1.</subfield>
    <subfield code="1">0</subfield>
    <subfield code="2">ddc</subfield>
    <subfield code="7">1</subfield>
    <subfield code="8">TESIS</subfield>
    <subfield code="f">P57</subfield>
    <subfield code="a">BUL</subfield>
    <subfield code="b">BUL</subfield>
    <subfield code="c">TESIS</subfield>
    <subfield code="d">2016-09-29</subfield>
  </datafield>
</record>
